Регионална библиотека "Любен Каравелов" - Русе

Девическият оркестър в Освиенцим (Запис номер 188316)

MARC детайли
000 -Лидер
Контролно поле с фиксирана дължина 01283nam a2200313 c 4500
003 - Код на организацията, давaща контролен номер
Контролно поле BLK
005 - Дата и час на последна редакция
Контролно поле 20220519134130.0
008 - Елементи от данни с фиксирана дължина
fixed length control field 180411b bul|||||r ||||||| ||bul||
010 ## - Наследен системен номер
LC control number KNG00197334000
040 ## - Източник на каталожния запис
Идентификатор на билиотеката - собственик на записа BLK
041 ## - Код за език
Код за езика на текст/звукозапис или на отделно заглавие Български
Код за езика КДБФ Български
080 ## - УДК
Текстов определител УДК История на Втората световна война (1939-1945)
УДК код - определител по УДК 94(100)"1939/1945"
УДК - код + определител 94(100)"1939/1945"
080 ## - УДК
Текстов определител УДК Немска литература
УДК код - определител по УДК 821.112.2
УДК определител -31
УДК - код + определител 821.112.2-31
100 1# - Редна дума - Автор
Автор Фенелон, Фаниа
Авторска отговорност първи автор
R(LIN) 344554
139 ## - Редно поле
Редна дума Фенелон, Фаниа
Авторски знак Фен - Ф 38
245 10 - Сведения за заглавието
Заглавие Девическият оркестър в Освиенцим
Подзаглавни данни Докум. роман
Редно поле (дума) Фаниа Фенелон ; прев. от нем. Ивета Милева.
257 ## - Страна на издаване
Страна на създаване/издаване Германия
260 ## - Област на издателските данни
Място на издаване, разпространение и проч. София
Име на издателя, разпространителя и проч. Музика
Година на издаване 1983
Печатница Ямбол : Г. Димитров
300 ## - Физическа характеристика
Страници 339 с.
Илюстрации и др. с портр.
Размери/Мащаб 20 см
380 ## - Жанр
Жанр История
500 ## - Общи забележки
Забележка Ориг. загл. Des Madchenorchester in Auschwitz / Fania Fenelon. - 20 109 тир.
650 #4 - Допълнително описание по предмет – тема
Основно описание – тема или топоним Концентрационни лагери
9 (RLIN) 265874
700 1# - Други автори (авторска отговорност)
Лично име Милева, Ивета
Автороска отговорност (Описва отношението между автора и произведението) прев. от нем.
9 (RLIN) 368858
852 ## - Местоположение
Форматна сигнатура Цб 119824
Фондова буква Хранилище
856 4# - Електронен адрес и достъп
Електронен формат pdf - файл
856 4# - Електронен адрес и достъп
Електронен формат pdf - файл
999 ## - СИСТЕМНИ КОНТРОЛНИ НОМЕРА
Koha biblionumber 188316
Koha biblioitemnumber 188316
942 ## - АРТИКУЛИ
Вид на библиотечния материал Книги
Скрит в OPAC Не
Koha issues (borrowed), all copies 2
Периодичен библиозапис Да
944 ## - СЪЗДАВАНЕ И РЕДАКЦИЯ на ЗАПИСА
Създаване/Редакция Създаване
Дата на регистрацията/редакция 02.12.2016
Служител, извършил регистрацията/редакцията Кети_Илиева
944 ## - СЪЗДАВАНЕ И РЕДАКЦИЯ на ЗАПИСА
Създаване/Редакция Редакция
Дата на регистрацията/редакция 2022-05-19
Служител, извършил регистрацията/редакцията ГГГ
Наличности
Код за отписване Код за изгубен артикул Източник на класификационната схема Код за повреда Коз за рестрикции Код за отдаване Артикулен № Име на библиотеката - собственик Име на библиотеката, в която се намира в момента Статус (Текущо местоположение) Дата на вписване в системата Местоположение - отдел Цена в лева Инвентарен номер Систематично азбучна сигнатура Баркод Номер на екземпляра Цена в евро Служебна бележка Служебен тип на артикула
  Не е изгубен Universal Decimal Classification Не е повреден само за читалня ползва се в читалня 330063 Регионална библиотека "Любен Каравелов" Русе Регионална библиотека "Любен Каравелов" Русе Хранилище 1983-01-01 Хранилище 1.50 371749 Цб 119824 120000371749 1 0.77 Вид: Сф Дата: 01.01.1983 Книги
Изтеглен Не е изгубен Universal Decimal Classification Не е повреден без рестрикции заемане за дома 330064 Регионална библиотека "Любен Каравелов" Русе Регионална библиотека "Любен Каравелов" Русе Заемна - подръчен фонд 1983-01-01 Заемна - подръчен фонд 1.50 372232 П 940.53/Ф 38 372232 2 0.77 Вид: Сф Дата: 01.01.1983 Книги
Изтеглен Не е изгубен Universal Decimal Classification Не е повреден без рестрикции заемане за дома 330065 Регионална библиотека "Любен Каравелов" Русе Регионална библиотека "Любен Каравелов" Русе Заемна - подръчен фонд 1983-01-01 Заемна - подръчен фонд 1.50 372234 94(100)"1939/1945"/Ф 38 Ф 372234 3 0.77 Вид: Сф Дата: 01.01.1983 Дата инв: 07.02.2018 Бележки инв: П2018 Книги
Изтеглен Не е изгубен Universal Decimal Classification Не е повреден без рестрикции заемане за дома 330066 Регионална библиотека "Любен Каравелов" Русе Регионална библиотека "Любен Каравелов" Русе Заемна - подръчен фонд 1983-01-01 Заемна - подръчен фонд 1.50 372235 П 940.53/Ф 38 372235 4 0.77 Вид: Сф Дата: 01.01.1983 Книги
Изтеглен Не е изгубен Universal Decimal Classification Не е повреден без рестрикции заемане за дома 330067 Регионална библиотека "Любен Каравелов" Русе Регионална библиотека "Любен Каравелов" Русе Заемна - подръчен фонд 1983-01-01 Заемна - подръчен фонд 1.50 372236 П 940.53/Ф 38 372236 5 0.77 Вид: Сф Дата: 01.01.1983 Книги
Vip Innovations Ltd, Rousse, Bulgaria 2025